000 00790nam a2200253 a 4500
001 14296
003 BD-JhCC
005 20250302112846.0
008 190924s2022 en a|||| ||a| 001 0 eng d
035 _a(BD-JhCC)14296
040 _aBD-JhCC
_dBD-JhCC
041 _aeng
082 _a005.1
_bSIL 2022
100 _a Sills, Bryan
245 _a Android programming The Big Nerd Ranch Guide /
_c Bryan Sills, Brian Gardner, Kristin Marsicano, Chris Stewart,
260 _aBoston :
_b Addison-Wesley Professional;
_c2022.
300 _a657 p. :
_bill. ;
_c24 cm.
504 _aIncludes index
650 _aApplication software -- Development.
650 _aMobile computing
700 _a Gardner, Brian
_b Marsicano, Kristin
_c Stewart,Chris
942 _2ddc
_cBK
999 _c14296
_d14296